Statistics for Italian Sights (with Pictures)

Click here to take the quiz!

General Stats

  • This quiz has been taken 128 times
  • The average score is 10 of 15

Answer Stats

ImageItalian Must-See% Correct
Colosseum
96%
Leaning Tower of Pisa
88%
{Florence} (city)
88%
Vatican City
87%
Trevi Fountain
78%
{Tuscany} (region)
76%
Mt. {Vesuvius}
73%
Lake {Como}
65%
Pantheon
63%
Il Duomo
57%
Piazza San Marco
56%
Pompeii
56%
{Capri} (island)
54%
{Dolomites}
(mountain range)
38%
Cinque Terre
30%

Score Distribution

Percentile by Number Answered

Percent of People with Each Score

Your Score History

You have not taken this quiz